Japan : A history in art

Spremljeno u:
Bibliografski detalji
Glavni autor: Smith, Bradley
Format: Knjiga
Jezik:Undetermined
Izdano: Tokyo, Japan John Weatherhill 1971
Teme:
Oznake: Dodaj oznaku
Bez oznaka, Budi prvi tko označuje ovaj zapis!
Thư viện lưu trữ: Trung tâm Học liệu Trường Đại học Cần Thơ
LEADER 00517nam a2200193Ia 4500
001 CTU_104634
008 210402s9999 xx 000 0 und d
082 |a 759.952 
082 |b S643 
100 |a Smith, Bradley 
245 0 |a Japan : 
245 2 |b A history in art 
245 0 |c Bradley Smith 
260 |a Tokyo, Japan 
260 |b John Weatherhill 
260 |c 1971 
650 |a Art, Japanese,Nghệ thuật, Nhật Bản 
904 |i Minh 
980 |a Trung tâm Học liệu Trường Đại học Cần Thơ